书目信息 |
| 题名: |
战魔利剑
|
|
| 作者: | 耿建忠 , 耿海军 , 杜正文 著 | |
| 分册: | ||
| 出版信息: | 北京 世界知识出版社 1999.1 |
|
| 页数: | 416页 | |
| 开本: | 32开 | |
| 丛书名: | ||
| 单 册: | ||
| 中图分类: | E712.56 | |
| 科图分类: | ||
| 主题词: | 军事 | |
| 电子资源: | ||
| ISBN: | 7-5012-1049-7 | |
| 000 | 00797nam0 2200229 45 | |
| 001 | 0012201417 | |
| 005 | 20031219104048.2 | |
| 010 | @a7-5012-1049-7@dCNY24.00 | |
| 100 | @a20001220d1999 km y0chiy0120 ea | |
| 101 | 0 | @achi |
| 105 | @a z 000yy | |
| 200 | 1 | @a战魔利剑@AZhan Mo Li Jian@e美国特种部队战场运用写实@EMei Guo Te Zhong Bu Dui Zhan Chang Yun Yong Xie Shi@f耿建忠,耿海军,杜正文著@FGeng Jian Zhong,Geng Hai Jun,Du Zheng Wen Zhu |
| 210 | @a北京@c世界知识出版社@d1999.1 | |
| 215 | @a416页@c冠图@d32开 | |
| 517 | @a美国特种部队战场运用写实@AMei Guo Te Zhong Bu Dui Zhan Chang Yun Yong Xie Shi | |
| 606 | 0 | @a军事 |
| 690 | @aE712.56@v1 | |
| 701 | 0 | @a耿建忠@4著 |
| 701 | 0 | @a耿海军@4著 |
| 701 | 0 | @a杜正文@4著 |
| 801 | @aCN@bTSTC@c20001220 | |
| 905 | @b294110-111@dE712.56@e24@f2 | |
| 战魔利剑:美国特种部队战场运用写实/耿建忠,耿海军,杜正文著.-北京:世界知识出版社,1999.1 |
| 416页:冠图;32开 |
| ISBN 7-5012-1049-7:CNY24.00 |
| ● |
| 相关链接 |
|
|
|
|
正题名:战魔利剑
索取号:E712.56/24
 
预约/预借
| 序号 | 登录号 | 条形码 | 馆藏地/架位号 | 状态 | 备注 |
| 1 | 0294110 | 002941106 | 第一借阅区/ [索取号:E712.56/24] | 在馆 | |
| 2 | 0294111 | 002941115 | 第一样本阅览室/ [索取号:E712.56/24] | 在馆 |